Programming Languages (A-K) - Statistics

General Stats
  • This quiz has been taken 46 times
  • The average score is 27 of 305
Answer Stats
A % Correct
A+
98%
A++
98%
C-
98%
C--
98%
C++
98%
C*
98%
C#
98%
C/AL
98%
D
93%
F
93%
F#
93%
F*
93%
B
90%
J
88%
J#
88%
J++
88%
E
85%
K
85%
Easy PL/I
78%
Java
78%
JavaScript
75%
HAL/S
65%
Kotlin
50%
Fortran
48%
Go
43%
Go!
43%
BASIC
38%
COBOL
38%
Haskell
38%
Ada
33%
Julia
30%
Bash
28%
Dart
20%
Delphi
18%
Elixir
15%
Clojure
13%
Erlang
13%
ABC
10%
Action!
10%
ActionScript
10%
CoffeeScript
10%
eC
10%
Hack
10%
Agda
8%
APL
8%
Assembly language
8%
bc
8%
Caml
8%
Ch
8%
Elm
8%
Groovy
8%
Ballerina
5%
BETA
5%
Coq
5%
CPL
5%
Curl
5%
Curry
5%
Eiffel
5%
FL
5%
FP
5%
Haxe
5%
JADE
5%
ABAP
3%
ACC
3%
Actor
3%
Aldor
3%
ALGOL 58
3%
ALGOL 60
3%
ALGOL 68
3%
ALGOL W
3%
A.NET
3%
AppleScript
3%
Arc
3%
AWK
3%
BCPL
3%
BLISS
3%
Bosque
3%
Carbon
3%
Chapel
3%
Cobra
3%
ColdFusion
3%
COMAL
3%
COMTRAN
3%
Cool
3%
C Shell
3%
Cython
3%
Draco
3%
DRAKON
3%
Dylan
3%
ECMAScript
3%
EPL
3%
es
3%
Factor
3%
fish
3%
Forth
3%
Fortress
3%
GRASS
3%
Grasshopper
3%
Hop
3%
Hy
3%
HyperTalk
3%
IDL
3%
Idris
3%
Inform
3%
Jai
3%
Join Java
3%
JOSS
3%
JOVIAL
3%
JScript
3%
Jython
3%
KRYPTON
3%
A-0 System
0%
ABC ALGOL
0%
Accent
0%
Ace DASL
0%
Adenine
0%
AdvPL
0%
Agilent
0%
Agora
0%
AIMMS
0%
Alef
0%
ALF
0%
Alice
0%
Alma-0
0%
AmbinetTalk
0%
AmigaE
0%
AMOS
0%
AMPL
0%
Analitik
0%
AngelScript
0%
Apache Pig latin
0%
Apex
0%
App Inventor for Android's visual block language
0%
APT
0%
ARexx
0%
Argus
0%
AutoHotkey
0%
AutoIt
0%
AutoLISP / Visual LISP
0%
Averest
0%
Axum
0%
Babbage
0%
Batch file
0%
BeanShell
0%
Blockly
0%
BlooP
0%
Boo
0%
Boomerang
0%
Cache ObjectScript
0%
Catrobat
0%
Cayenne
0%
CDuce
0%
Cecil
0%
CEEMAC
0%
CESIL
0%
Ceu
0%
Ceylon
0%
CFEngine
0%
Cg
0%
Charm
0%
CHILL
0%
CHIP-8
0%
ChucK
0%
Cilk
0%
Claire
0%
Clarion
0%
Clean
0%
Clipper
0%
CLIPS
0%
CLIST
0%
CLU
0%
CMS-2
0%
CMS EXEC
0%
CobolScript
0%
COMIT
0%
Common Intermediate Language (CL)
0%
Common Lisp (CL)
0%
COMPASS
0%
Component Pascal
0%
Constraint Handling RUles
0%
Control Language
0%
Coral 66
0%
CorVision
0%
COWSEL
0%
Cryptol
0%
Crystal
0%
Csound
0%
Cuneiform
0%
Cybil
0%
Cyclone
0%
Cypher Query Language
0%
Darwin
0%
DataFlex
0%
Datalog
0%
DATATRIEVE
0%
DAX
0%
dBase
0%
dc
0%
DCL
0%
DIBOL
0%
DinkC
0%
Dog
0%
DYNAMO
0%
Ease
0%
EASYTRIEVE PLUS
0%
Edinburgh IMP
0%
EGL
0%
ELAN
0%
Emacs Lisp
0%
Emerald
0%
Epigram
0%
Escher
0%
Espol
0%
Esterel
0%
Etoys
0%
Euclid
0%
Euler
0%
Euphoria
0%
EusLisp Robot Programming Language
0%
EXEC 2
0%
Executable UML
0%
Ezhil
0%
Fantom
0%
FAUST
0%
FFP
0%
Fjolnir
0%
FlagShip
0%
Flavors
0%
Flex
0%
Flix
0%
FlooP
0%
FLOW-MATIC (B0)
0%
FOCAL
0%
FOCUS
0%
FOIL
0%
FORMAC
0%
@Formula
0%
FoxBase
0%
Franz Lisp
0%
F-Script
0%
Futhark
0%
Game Maker Language
0%
GameMonkey Script
0%
GAMS
0%
GAP
0%
G-code
0%
GDL
0%
GDScript
0%
Genie
0%
GEORGE
0%
GLSL
0%
GNU E
0%
GNU Guile
0%
GOAL
0%
Godel
0%
Golo
0%
GOM
0%
Google Apps Script
0%
Gosu
0%
GOTRAN
0%
GPSS
0%
GraphTalk
0%
HAGGIS
0%
Halide
0%
Hamilton C shell
0%
Harbour
0%
Hartmann pipelines
0%
Hermes
0%
High Level Assembly
0%
HLSL
0%
Hollywood
0%
HolyC
0%
Hope
0%
Hopscotch
0%
Hume
0%
IBM Basic assembly language
0%
IBM HAScript
0%
IBM Informix-4GL
0%
IBM RPG
0%
Icon
0%
Io
0%
ISLISP
0%
JAL
0%
Janus
0%
JASS
0%
JavaFX Script
0%
JCL
0%
JEAN
0%
Jess
0%
Joule
0%
Joy
0%
JScript .NET
0%
Kaleidoscope
0%
Karel
0%
KEE
0%
KIF
0%
Kixtart
0%
Klerer-May System
0%
Kodu
0%
Kojo
0%
Kornshell
0%
KRC
0%
KRL
0%
Kv
0%
No matching quizzes found
Score Distribution
Percent of People with Each Score
Percentile by Number Answered
Your Score History
You have not taken this quiz